<?xml version="1.0" encoding="UTF-8"?>
<record
    xmlns:xsi="http://www.w3.org/2001/XMLSchema-instance"
    xsi:schemaLocation="http://www.loc.gov/MARC21/slim http://www.loc.gov/standards/marcxml/schema/MARC21slim.xsd"
    xmlns="http://www.loc.gov/MARC21/slim">

  <leader>01335    a2200205   4500</leader>
  <controlfield tag="001">55029</controlfield>
  <controlfield tag="005">20260407155826.0</controlfield>
  <controlfield tag="008">260407a1971    arg                 spa d</controlfield>
  <controlfield tag="003">AR-UNSa-BCEJYS</controlfield>
  <datafield tag="040" ind1=" " ind2=" ">
    <subfield code="a">AR-UNSa-BCEJYS</subfield>
    <subfield code="b">spa</subfield>
    <subfield code="c">AR-UNSa-BCEJYS</subfield>
  </datafield>
  <datafield tag="080" ind1=" " ind2=" ">
    <subfield code="a">1</subfield>
    <subfield code="x">Filosof&#xED;a. Psicolog&#xED;a</subfield>
  </datafield>
  <datafield tag="245" ind1="1" ind2="0">
    <subfield code="a">Psicolog&#xED;a clinica</subfield>
    <subfield code="p">ciencia y profesi&#xF3;n</subfield>
  </datafield>
  <datafield tag="264" ind1=" " ind2="1">
    <subfield code="a">M&#xE9;xico :</subfield>
    <subfield code="b">Centro Regional de Ayuda T&#xE9;cnica</subfield>
    <subfield code="c">1971</subfield>
  </datafield>
  <datafield tag="300" ind1=" " ind2=" ">
    <subfield code="a">225 p.</subfield>
    <subfield code="c">19 cm.</subfield>
  </datafield>
  <datafield tag="505" ind1=" " ind2=" ">
    <subfield code="a">Primera parte: Investigaci&#xF3;n y comentarios - 1. El desarrollo de la psicolog&#xED;a cl&#xED;nica - 2. Las funciones de la psicolog&#xED;a cl&#xED;nica - 3. Nuevas orientaciones de la psicolog&#xED;a cl&#xED;nica - Segunda parte: Lecturas escogidas - 1. Una historia de la psicolog&#xED;a experimental - 2. Cincunta a&#xF1;os de psicolog&#xED;a cl&#xED;nica: psicolog&#xED;a cl&#xED;nica 1896-1946 - 3. Una breve historia de la psicolog&#xED;a cl&#xED;nica - 4. Psicolog&#xED;a cl&#xED;nica: la d&#xE9;cada de posguerra - 5. El psic&#xF3;logo cl&#xED;nico - 6. Predicci&#xF3;n cl&#xED;nica o predicci&#xF3;n estad&#xED;stica - 7. Predicci&#xF3;n cl&#xED;nica y predicci&#xF3;n estad&#xED;stica: una reformulaci&#xF3;n y algunos datos nuevos - 8. Un estudio de la conducta humana: el psic&#xF3;logo cl&#xED;nico - 9. El cient&#xED;fico profesional: &#xBF;puede lograrlo la psicolog&#xED;a?</subfield>
  </datafield>
  <datafield tag="942" ind1=" " ind2=" ">
    <subfield code="c">BK</subfield>
  </datafield>
  <datafield tag="590" ind1=" " ind2=" ">
    <subfield code="a">niveau_biblio:m niveau_hierar:0</subfield>
  </datafield>
  <datafield tag="100" ind1="1" ind2=" ">
    <subfield code="a">Mensh, Iv&#xE1;n N.</subfield>
  </datafield>
  <datafield tag="700" ind1="1" ind2=" ">
    <subfield code="a">Maz&#xED;a, Floreal</subfield>
  </datafield>
  <datafield tag="999" ind1=" " ind2=" ">
    <subfield code="c">5874</subfield>
    <subfield code="d">5874</subfield>
  </datafield>
  <datafield tag="952" ind1=" " ind2=" ">
    <subfield code="0">0</subfield>
    <subfield code="1">0</subfield>
    <subfield code="4">0</subfield>
    <subfield code="7">0</subfield>
    <subfield code="a">BCEJYS</subfield>
    <subfield code="b">BCEJYS</subfield>
    <subfield code="c">16</subfield>
    <subfield code="d">2026-04-07</subfield>
    <subfield code="l">0</subfield>
    <subfield code="o">1 M548</subfield>
    <subfield code="p">L23616</subfield>
    <subfield code="r">2026-04-07 15:58:26</subfield>
    <subfield code="w">2026-04-07</subfield>
    <subfield code="y">L</subfield>
  </datafield>
</record>
